| 000 | 00819nas a2200265 4500 | ||
|---|---|---|---|
| 001 | BR9208155 | ||
| 003 | BR-BrBNA | ||
| 005 | 20231205093059.0 | ||
| 007 | ta | ||
| 008 | 230509b bl.|||p| |||| 00| 00por d | ||
| 040 |
_aBR-BrBNA _bpor _cBiblioteca Nacional de Agricultura |
||
| 041 | _a(Pt) | ||
| 072 | _aH10 | ||
| 100 | 1 | _aPigatti, A. | |
| 100 | 1 | _aTakematsu, A.P. | |
| 100 | 1 | _aJocys, T. | |
| 245 | 1 | _aSelecao de inseticidas em laboratorio para o controle da lagarta do coqueiro, Brassolis astyra astyra Godart, 1765 (Lipidoptera: Brossolidae) | |
| 650 | _aCOCO | ||
| 650 | _aLAGARTA | ||
| 650 | _aINSETICIDA | ||
| 650 | _aCONTROLE QUIMICO | ||
| 773 | 0 |
_tBiologico (Brazil) _xISSN 0366-0567 _g(Feb 1985), v. 51(2) p. 35-40 _wBR9208155 |
|
| 909 |
_a202311 _bLúcia _c55 _dLúcia Elande |
||
| 942 |
_2AGRIS _n0 _cANA |
||
| 999 |
_c136119 _d136119 |
||